00474nam a2200181 a 4500001001300000003000900013005001700022008004100039020002300080082001600103100002200119245002700141260004400168300000900212500003500221505001000256650002600266nice12345678IN_TiNIC20260116014324.0100203s2009 luca grp 000 0 eng  a9788189267735c99500a361.25bBHA aBhartiya, Anoop K aSocial Policy in India aLucknow bNew Royal Book Company c2009 a380p aincludes index and biblioraphy2 aIndex aSocial Policy - India